Charlesworth and Cain company law / (Record no. 125703)

MARC details
000 -LEADER
fixed length control field 00828cam a2200265 i 4500
008 - FIXED-LENGTH DATA ELEMENTS--GENERAL INFORMATION
fixed length control field
020 ## - INTERNATIONAL STANDARD BOOK NUMBER
International Standard Book Number 042045330X (hbk.)
090 ## - LOCALLY ASSIGNED LC-TYPE CALL NUMBER (OCLC); LOCAL CALL NUMBER (RLIN)
Classification number (OCLC) (R) ; Classification number, CALL (RLIN) (NR) KD2079
Local cutter number (OCLC) ; Book number/undivided call number, CALL (RLIN) CAI
003 - CONTROL NUMBER IDENTIFIER
control field
005 - DATE AND TIME OF LATEST TRANSACTION
control field 20230123121958.0
040 ## - CATALOGING SOURCE
Transcribing agency NUST
049 ## - LOCAL HOLDINGS (OCLC)
Holding library MAIN
100 1# - MAIN ENTRY--PERSONAL NAME
Personal name Cain, T.E.
245 10 - TITLE STATEMENT
Title Charlesworth and Cain company law /
Statement of responsibility, etc. T.E. Cain ; Scottish editor, Enid A. Marshall ; Chapter 29, taxation by L. P. K. Brindley.
250 ## - EDITION STATEMENT
Edition statement 11th ed.
260 ## - PUBLICATION, DISTRIBUTION, ETC.
Place of publication, distribution, etc. London :
Name of publisher, distributor, etc. Stevens and Sons,
Date of publication, distribution, etc. 1977.
300 ## - PHYSICAL DESCRIPTION
Extent lxx, 682 p. ;
Dimensions 23 cm.
500 ## - GENERAL NOTE
General note Includes index.
504 ## - BIBLIOGRAPHY, ETC. NOTE
Bibliography, etc. note Includes bibliographical references.
650 #0 - SUBJECT ADDED ENTRY--TOPICAL TERM
Topical term or geographic name entry element Corporation law
Geographic subdivision Great Britain.
700 1# - ADDED ENTRY--PERSONAL NAME
Personal name Marshall, Enid A.
700 1# - ADDED ENTRY--PERSONAL NAME
Personal name Brindley, L. P. K.
907 ## - LOCAL DATA ELEMENT G, LDG (RLIN)
a .b10326339
b 30-01-13
c 30-01-13
942 ## - ADDED ENTRY ELEMENTS (KOHA)
Koha item type Ordinary Loan Books
Call number prefix KD2079
Call number suffix CAI
Holdings
Date last seen Total Checkouts Full call number Barcode Cost, replacement price Price effective from Koha item type Lost status Source of classification or shelving scheme Damaged status Not for loan Collection Withdrawn status Home library Current library Shelving location Date acquired Cost, normal purchase price
01/23/2023 16 KD2079 CAI 92003007171 80.00 01/23/2023 BOOKS   LCC     NFIC   MAIN MAIN GEN 01/23/2023 80.00